|
|
|
|
| LEADER |
02802nam a22004093i 4500 |
| 001 |
EBC6422844 |
| 003 |
MiAaPQ |
| 005 |
20231204023215.0 |
| 006 |
m o d | |
| 007 |
cr cnu|||||||| |
| 008 |
231204s2017 xx o ||||0 eng d |
| 020 |
|
|
|a 9783319653525
|q (electronic bk.)
|
| 020 |
|
|
|z 9783319653518
|
| 035 |
|
|
|a (MiAaPQ)EBC6422844
|
| 035 |
|
|
|a (Au-PeEL)EBL6422844
|
| 035 |
|
|
|a (OCoLC)1021274842
|
| 040 |
|
|
|a MiAaPQ
|b eng
|e rda
|e pn
|c MiAaPQ
|d MiAaPQ
|
| 050 |
|
4 |
|a JC11-607
|
| 082 |
0 |
|
|a 355.02
|
| 100 |
1 |
|
|a Gunneriusson, Håkan.
|
| 245 |
1 |
0 |
|a Bordieuan Field Theory As an Instrument for Military Operational Analysis.
|
| 250 |
|
|
|a 1st ed.
|
| 264 |
|
1 |
|a Cham :
|b Springer International Publishing AG,
|c 2017.
|
| 264 |
|
4 |
|c {copy}2017.
|
| 300 |
|
|
|a 1 online resource (128 pages)
|
| 336 |
|
|
|a text
|b txt
|2 rdacontent
|
| 337 |
|
|
|a computer
|b c
|2 rdamedia
|
| 338 |
|
|
|a online resource
|b cr
|2 rdacarrier
|
| 490 |
1 |
|
|a New Security Challenges Series
|
| 505 |
0 |
|
|a Intro -- Preface -- Contents -- About the Author -- Abbreviations -- List of Figures -- Part I Theory and Background Field Theory as an Instrument for Operational Analysis -- Chapter 1 Terms in Search for a Theoretical Definition -- Abstract -- Bibliography -- Chapter 2 Field Theory -- Abstract -- Bibliography -- Chapter 3 The Political Field in the Operational Area -- Abstract -- A Tentative Checklist -- Bibliography -- Chapter 4 Field Operations as Information Warfare and Operationalisation of Theory -- Abstract -- Bibliography -- Part II Empirical Example -- Chapter 5 The Pre-war Strategic Situation in the Balkans from a Field Theory Perspective -- Abstract -- Bibliography -- Chapter 6 The Events in 1990 -- Abstract -- Bibliography -- Chapter 7 The Events in 1991 -- Abstract -- Bibliography -- Chapter 8 The Events in 1992 -- Abstract -- Bibliography -- Chapter 9 Epilogue: Beyond 1992 -- Abstract -- Bibliography -- Chapter 10 Conclusions of the Empirical Example -- Abstract -- Bibliography -- Chapter 11 Post Scriptum: Hybrid Warfare and the Yugoslavian Blueprint -- Abstract -- References -- Bibliography -- Index.
|
| 588 |
|
|
|a Description based on publisher supplied metadata and other sources.
|
| 590 |
|
|
|a Electronic reproduction. Ann Arbor, Michigan : ProQuest Ebook Central, 2023. Available via World Wide Web. Access may be limited to ProQuest Ebook Central affiliated libraries.
|
| 655 |
|
4 |
|a Electronic books.
|
| 776 |
0 |
8 |
|i Print version:
|a Gunneriusson, Håkan
|t Bordieuan Field Theory As an Instrument for Military Operational Analysis
|d Cham : Springer International Publishing AG,c2017
|z 9783319653518
|
| 797 |
2 |
|
|a ProQuest (Firm)
|
| 830 |
|
0 |
|a New Security Challenges Series
|
| 856 |
4 |
0 |
|u https://ebookcentral.proquest.com/lib/matrademy/detail.action?docID=6422844
|z Click to View
|